Noise and audiology / (Record no. 185766)
[ view plain ]
| 000 -LEADER | |
|---|---|
| fixed length control field | 00875 a2200241 4500 |
| 003 - CONTROL NUMBER IDENTIFIER | |
| control field | NUST |
| 005 - DATE AND TIME OF LATEST TRANSACTION | |
| control field | 20221230184943.0 |
| 010 ## - LIBRARY OF CONGRESS CONTROL NUMBER | |
| LC control number | 78002753 |
| 020 ## - INTERNATIONAL STANDARD BOOK NUMBER | |
| International Standard Book Number | 0839112033 |
| 040 ## - CATALOGING SOURCE | |
| Transcribing agency | Nust |
| 082 00 - DEWEY DECIMAL CLASSIFICATION NUMBER | |
| Classification number | 363.6,NOI |
| 245 00 - TITLE STATEMENT | |
| Title | Noise and audiology / |
| Statement of responsibility, etc. | edited by David M. Lipscomb. |
| 260 ## - PUBLICATION, DISTRIBUTION, ETC. | |
| Place of publication, distribution, etc. | Baltimore : |
| Name of publisher, distributor, etc. | University Park Press, |
| Date of publication, distribution, etc. | c1978. |
| 300 ## - PHYSICAL DESCRIPTION | |
| Extent | xii, 476 p. : |
| Other physical details | ill. ; |
| Dimensions | 24 cm. |
| 440 #0 - SERIES STATEMENT/ADDED ENTRY--TITLE | |
| Title | Perspectives in audiology series |
| 9 (RLIN) | 100441 |
| 505 ## - FORMATTED CONTENTS NOTE | |
| Formatted contents note | Background Information (Page-3), Auditory of Noise Exposure (Page-83), Government activities in Noise Control (Page-245), Role of Audiologists in Noise Related Activities (Page-299). |
| 650 #0 - SUBJECT ADDED ENTRY--TOPICAL TERM | |
| Topical term or geographic name entry element | Audiology. |
| 9 (RLIN) | 56919 |
| 650 #0 - SUBJECT ADDED ENTRY--TOPICAL TERM | |
| Topical term or geographic name entry element | Deafness, Noise induced. |
| 9 (RLIN) | 106547 |
| 650 #0 - SUBJECT ADDED ENTRY--TOPICAL TERM | |
| Topical term or geographic name entry element | Noise control. |
| 650 #0 - SUBJECT ADDED ENTRY--TOPICAL TERM | |
| Topical term or geographic name entry element | Noise |
| General subdivision | Adverse effects. |
| 9 (RLIN) | 106548 |
| 700 1# - ADDED ENTRY--PERSONAL NAME | |
| Personal name | Lipscomb, David M. |
| 9 (RLIN) | 106549 |
| 942 ## - ADDED ENTRY ELEMENTS (KOHA) | |
| Source of classification or shelving scheme | |
| Koha item type | Book |
| Call number prefix | 363.6,NOI |
| Withdrawn status | Lost status | Source of classification or shelving scheme | Damaged status | Not for loan | Permanent Location | Current Location | Shelving location | Date acquired | Full call number | Barcode | Date last seen | Price effective from | Koha item type | Public note |
|---|---|---|---|---|---|---|---|---|---|---|---|---|---|---|
| Military College of Signals (MCS) | Military College of Signals (MCS) | General Stacks | 12/12/2016 | 363.6,NOI | MCS20779 | 12/08/2016 | 12/12/2016 | Book | Almirah No.54, Shelf No.1 |
